01080 a2200205 45000010006000000050017000060080041000230030015000640400040000790800085001192450034002040200018002382500012002562640029002683000019002975050496003160410008008121000022008207000032008426005320260407155852.0260407a1976 arg spa dAR-UNSa-BCEJYS aAR-UNSa-BCEJYSbspacAR-UNSa-BCEJYS a342.4xConstituciones. Asambleas legislativas. Asambleas nacionales (Reforma...)10aTeoría de la constitución a84-344-1792-8 a2a. ed. 1aBarcelona :bArielc1976 a619 p.c20 cm. a1. Sobre la anatomía del proceso del poder político - 2. Sobre la anatomía del proceso gubernamental - 3. Los tipos de gobierno dela autocracia - 4. Los tipos de gobierno de la democracia constitucional - 5. La constitución - 6. Controles interórganos - 7. Controles interórganos entre el Parlamento y el gobierno - 8. Controles interórganos de los tribunales frente al gobierno y al parlamento - 9. Controles interórganos del electorado frente al gobierno y el parlamento -  aspa1 aLoewenstein, Karl1 aGallego Anabitarte, Alfredo